| 000 | 00928nam a2200193Ia 4500 | ||
|---|---|---|---|
| 003 | Ost | ||
| 005 | 20260507075632.0 | ||
| 008 | 260507s9999||||xx |||||||||||||| ||und|| | ||
| 040 | _cfsecg | ||
| 041 | _aara | ||
| 082 | _a179.9 | ||
| 100 |
_aفوكوياما، فرانسيس _eمؤلف |
||
| 245 | 0 |
_aالثقة : _bالفضائل الإجتماعية ودورها في خلق الرخاء الإقتصادي / _c فرانسيس فوكوياما |
|
| 260 |
_aدمشق: _bمنتدى العلاقات العربية والدولية, _c2002 |
||
| 300 |
_a351 صفحة؛ _c24 سم |
||
| 520 | _aفكرة الثقة، مجتمعات الثقة المتدينة والمفارقة في القيم العائلية ،مجتمعات الثقة العالية وتحديات الحفاظ على التواصل الإجتماعي ، المجتمع الأمريكي وأزمة الثقة | ||
| 653 | _aالثقة | ||
| 942 | _cكتاب | ||
| 999 |
_c45216 _d45216 |
||